Texte zu den Kantaten, Motetten, Messen, Passionen und Oratorien.

Uložené v:
Podrobná bibliografia
Hlavný autor: Bach, J.S
Médium: Kniha
Jazyk:Slovak
Vydané: 1986.
Tagy: Pridať tag
Žiadne tagy, Buďte prvý kto otaguje tento záznam!

MARC

LEADER 00000nam a22000004a 4500
001 000525912
005 20161031080956.0
008 161031s1986 xo e 000 0 slo d
040 |a SVKKK  |b slo  |c SVKKK  |e AACR2 
100 1 |a Bach, J.S. 
245 1 0 |a Texte zu den Kantaten, Motetten, Messen, Passionen und Oratorien. 
260 |c 1986. 
500 |a Záznam revízie 
910 |a svkkk 
998 |a BK 
090 |g SCKHL  |k Sklad Hlavná 10 prízemie  |a I.57328  |j 750474  |i 2720389773  |s Absenčne